A life of John Davis, the navigator, 1550 1605, discoverer of Davis Straits

Saved in:
Bibliografiske detaljer
Hovedforfatter: Markham, Clements Robert (autor)
Format: Bog
Sprog:engelsk
Udgivet: Londres George Philip & son 1891
Udgivelse:2a. ed
Serier:The World's great explorers and explorations
Fag:
Tags: Tilføj Tag
Ingen Tags, Vær først til at tagge denne postø!

MARC

LEADER 00000nam a2200000 a 4500
001 UCJ4402
003 CL-VaPUC
008 070124e18910000UK |||||||||||||||||eng|d
082 0 4 |a 910.4  |b MAR  |2 21 
100 |a Markham, Clements Robert  |e autor  |9 306483 
245 1 2 |a A life of John Davis, the navigator, 1550 1605, discoverer of Davis Straits 
250 |a 2a. ed 
300 |a vi, 301 p 
942 |c BK 
945 |d 20070124 00:00:00  |a rinostro 
260 |a Londres  |b George Philip & son  |c 1891 
500 |a Ilustraciones y mapas conforme a lo señalado en el índice 
600 0 7 |a GILBERT, ADRIAN  |2 CL-VaPUC  |9 508012 
600 0 7 |a WALSINGHAM, FRANCIS  |2 CL-VaPUC  |9 508013 
600 0 7 |a FULFORD, FAITH  |2 CL-VaPUC  |9 508014 
650 0 |a Viajes  |9 257115 
650 0 |a Descubrimientos geográficos  |9 331933 
650 7 |a BIOGRAFIA  |2 CL-VaPUC  |9 504622 
650 0 |a Iconografía   |9 267998 
650 0 |a Ilustraciones  |9 369481 
650 0 |a Mapas  |9 260844 
650 7 |a FACSIMILES  |2 CL-VaPUC  |9 460925 
650 0 |a Navegación   |9 255384 
651 7 |a REGION ARTICA  |2 CL-VaPUC  |9 366377 
651 7 |a ESTRECHO DE DAVIS  |2 CL-VaPUC  |9 508015 
651 0 |a Estrecho de Magallanes  |9 354479 
583 |a last modification  |c 20070124 00:00:00  |k Rodrigo Vera 
490 0 |a The World's great explorers and explorations 
999 |c 320518  |d 320516 
952 |0 0  |1 0  |4 0  |6 910_400000000000000_MAR_1891  |7 0  |8 X  |9 399056  |a FDOBUD  |b FDOBUD  |d 2019-11-22  |i 1017764  |o 910.4 MAR 1891  |p 1017764  |r 2019-11-22  |w 2019-11-22  |y BK_X  |k BUD